000
00180 a2200085 4500
245
_a
TALES OF BURNING LOVE
_h
Text
100
_a
LOUISE ERDRICH
650
_a
literature
005
20191017172206.0
084
_a
NONE
999
_c
8557
_d
8557